000 00289nam a2200109Ia 4500
008 171211s9999 xx 000 0 und d
245 _aAsk a Midwife
245 _cCatherine Parker-Littler
260 _c2008
650 _xHEALTH
856 _uhttp://down.ebook777.com/014/978-0756636876.pdf
999 _c348404
_d348404